000 00791nam a22002295i 4500
001 154665
003 ES-MaACL
005 20230906205819.0
008 040715s1855 gw |||| | eng d
040 _aCAM
_bspa
_cCAM
100 1 _aGore, Catherine Grace Frances.
_9127476
245 1 0 _aMammon or The hardships of an heiress /
_cby Mrs. Gore.
260 _aLeipzig :
_bBernhard Tauchnitz,
_c1855.
300 _a2 v. (339 ; 331 p.) ;
_c16 cm.
490 1 _aCollection of british authors ;
_v316 ; 317
650 4 _aNovela inglesa.
_9137408
740 4 1 _aThe hardships of an heiress.
752 _aAlemania -
_dLeipzig
830 0 _aCollection of british authors ;
_v316 ; 317
_9180703
852 _aES-MaACL
_j, G-12446
_z-- Enc. hol.
_z-- Enc. 2 t. en 1 v.
999 _c154665
_d154665